• 首页
  • 本馆介绍
  • 公告通知
  • 最新文献
  • 馆藏检索
  • 电子资源
  • 读者导购
  • 参考咨询
  • 我的图书馆
  • 登录
  • 详细信息显示
  • 放入我的书架
  • 预约/预借图书
  • 作者相关作品
  • 分类相关作品
  • 丛书相关作品
  • 出版社相关作品

书目信息

  • 表格格式
  • 工作单格式
  • 卡片格式
题名:
炉外精炼教程
    
 
作者: 高泽平 主编
分册:  
出版信息: 北京   冶金工业出版社  2011.09
页数: 307页
开本: 26cm
丛书名:
单 册:
中图分类: TF114
科图分类:
主题词: 提取冶金 , 化学冶金
电子资源:
ISBN: 978-7-5024-5685-6
000 00580nam0 2200205 450
001 377
005 20160905101819.88
010    @a978-7-5024-5685-6@dCNY40.00
100    @a20160722d2011 km y0chiy0120 ea
101 0  @achi
102    @aCN@b110000
200 1  @a炉外精炼教程@Alu wai jing lian jiao cheng@f高泽平主编@Fgao ze ping zhu bian
210    @a北京@c冶金工业出版社@d2011.09
215    @a307页@d26cm
606 0  @a提取冶金
606 0  @a化学冶金
690    @aTF114@v4
701  0 @a高泽平@Agao ze ping@4主编
801  0 @aCN@b唐山师范学院图书馆@c20160722
905    @aZUCC@dTF114@e33
    
    炉外精炼教程/高泽平主编.-北京:冶金工业出版社,2011.09
    307页;26cm
    
    
    ISBN 978-7-5024-5685-6:CNY40.00
    
●
相关链接 在E读中查询图书 在五车中查询图书 在当当中查询图书 在豆瓣中查询图书


正题名:炉外精炼教程     索取号:TF114/33         预约/预借

序号 登录号 条形码 馆藏地/架位号 状态 备注
1 901590   209015901   第二样本阅览室/ [索取号:TF114/33] 在馆    
2 901591   209015910   第三借阅区/ [索取号:TF114/33] 在馆    
3 901592   209015929   第三借阅区/ [索取号:TF114/33] 在馆    
4 901593   209015938   第三借阅区/ [索取号:TF114/33] 在馆    
5 901594   209015947   第三借阅区/ [索取号:TF114/33] 在馆    
唐山师范学院图书馆 欢迎您!
大连网信软件有限公司© 版权所有